000 00935nmm a2200277 a 4500
001 ocm000701463
003 TR-IsHL
005 20201028134307.0
008 131121s2010 tu tur
007 cr cn
035 _a701463
_b(N$T)
050 0 4 _aHD9672.T9
_bA23 2010
090 0 4 _aHD9672.T9
_bA23 2010
100 1 _aAbacıoğlu, Nurettin
245 1 0 _aTürkiye'de ilaç sanayi
_h[electronic resource] /
_cNurettin Abacıoğlu
260 _aİstanbul :
_bİstanbul Ticaret Odası,
_c2010
300 _a382 p.
650 4 _aEkonomi ve Finans
650 4 _aEconomics and Finance
650 0 _aEczacılık endüstrisi
_x Türkiye
650 0 _aPharmaceutical industry
_x Turkey
650 0 _aİlaçlar
650 0 _aDrugs
650 7 _aBUSINESS & ECONOMICS / Industries / Pharmaceutical & Biotechnology
_2bisacsh
856 4 0 _uhttp://search.ebscohost.com/login.aspx?direct=true&scope=site&db=e011xww&AN=701463
999 _c6111
_d6111